000 00746nas a2200289 4500
001 BR9104383
003 BR-BrBNA
005 20231205092201.0
007 ta
008 230509b bl.|||p| |||| 00| 00por d
040 _aBR-BrBNA
_bpor
_cBiblioteca Nacional de Agricultura
041 _a(Pt)
072 _aL73; L74
100 1 _aAnon.
245 1 _aCavalos: casos de pronto socorro
650 _aCAVALO
650 _aDOENCA ANIMAL
650 _aDISTURBIO FISIOLOGICO
650 _aCOLICA
650 _aHEMOGLOBINURIA
650 _aBACTERIA
650 _aGRIPE
650 _aVIRUS
773 0 _tGuia Rural (Brazil)
_x
_g(Sep 1990), v. 4(9) p. 50-53
_wBR9104383
909 _a202311
_bLúcia
_c55
_dLúcia Elande
942 _2AGRIS
_n0
_cANA
999 _c129936
_d129936